Statistics for music trivia: 2009 songs and artists

Click here to take the quiz!

General Stats

  • This quiz has been taken 174 times
  • The average score is 6 of 15

Answer Stats

for each song......name it's artist.% Correct
HaloBeyonce
90%
Love StoryTaylor Swift
83%
The ClimbMiley Cyrus
71%
21 GunsGreen Day
60%
She WolfShakira
59%
My Life Would Suck Without YouKelly Clarkson
51%
Make You Feel My LoveAdele
44%
KidsMGMT
37%
Jai Ho! (You Are My Destiny)A.R. Rahman & The Pussycat Dolls feat. Nicole Scherzinger
36%
Pork and BeansWeezer
25%
UprisingMuse
24%
Ain't No Rest for the WickedCage the Elephant
19%
Cowboy CasanovaCarrie Underwood
18%
LisztomaniaPhoenix
12%
Pretty WingsMaxwell
3%

Score Distribution

Percentile by Number Answered

Percent of People with Each Score

Your Score History

You have not taken this quiz